000 00487nam a2200169Ia 4500
008 230718s9999 xx 000 0 und d
020 _a9780670087631
041 _aeng
082 _a158.1
_bKHA
100 _aKhanna V.C.
_9197434
245 _aMaking Dreams Come True
_bThe Story Of The Tech Mahindra Foundation
260 _c2014
_bPenguin
300 _a260
365 _cRs.
_b599.00
700 _aKhanna V.C.
_9197434
906 _dO:0448106-May-2015B:762513-Apr-2015
_cGENRL
_b137.77
999 _c339361
_d339361